Vysoké Tatry liečebný ústav vo Vyšných Hágoch : v pozadí vrchol Končistej (2540 m)

Bibliographic Details
Format: Postcard
Language:Slovak
Russian
German
English
PhysicalDescription:1 pohľadnica farebná 11 x 15 cm
Published: Bratislava Slovenské vydavateľstvo politickej literatúry [1961]
Subjects:

MARC

LEADER 00000nkm a2200000 a 4500
001 vtls010660057
003 SK-MaSNL
005 20260512130251.0
007 kp co
008 231214s1961 xo g kzslo
035 |a D8FF1926-C162-4A6E-9F2D-5E3BF66F7323 
035 |a urn:nbn:sk:snk-kmy0bp 
035 |a urn:nbn:sk:snk-km00801o 
040 |a SNK  |b slo  |c SNK  |e AACR2 
041 0 |a slo  |a rus  |a ger  |a eng 
044 |a xo  |c SK 
080 |a 725.514  |2 2001 
080 |a (437.6)  |2 2001 
080 |a (084.121)  |2 2001 
245 0 0 |a Vysoké Tatry  |h grafika  |b liečebný ústav vo Vyšných Hágoch : v pozadí vrchol Končistej (2540 m) 
246 1 1 |a Vysokije Tatry 
246 1 1 |a Hohe Tatra 
246 1 1 |a High Tatras 
260 |a Bratislava  |b Slovenské vydavateľstvo politickej literatúry  |c [1961] 
300 |a 1 pohľadnica  |b farebná  |c 11 x 15 cm 
546 |a Súbež. názov a text v ruš., nem., angl. 
650 0 7 |a zotavovne  |2 SNKPH  |9 161874 
651 7 |a Vyšné Hágy (Vysoké Tatry, Slovensko)  |2 SNKPH  |9 56651 
655 7 |a geografické pohľadnice  |2 SNKPH  |9 70522 
655 7 |a miestne pohľadnice  |2 SNKPH  |9 70510 
852 |a Slovenská národná knižnica 
958 |a GC 
958 |a GBN 
958 |a OND 
999 |c 1187012  |d 1188942 
952 |a SNK  |b SNK  |y PREZ  |7 0  |p 17A0811308  |o snkSP 153024  |i snk2015/8572  |8 3  |g 0.50  |0 0  |1 0  |4 0  |d 2015-03-11  |f 1  |l 0  |r 2026-02-24 21:59:09  |w 2026-02-24